000 00699nam0a22002531 4500
001 rc\4522103
005 20250612105904.0
021 _aRU
_b[66-86151]
035 _a(NLR Aleph) 008625898
090 _a8852393
_c8852394
100 _a20130416d1966 |||y0rusy50 ca
101 0 _arus
102 _aRU
105 _ay z |||||
200 1 _aВстреча с солнцем
210 _aОдесса
_cМаяк
_d1966
215 _a84 с.
_d14
606 _aСоветский народ
_jОчерки
_2psbo
700 1 _aКислый
_bГ.П.
_gГригорий Петрович
801 0 _aRU
_bNLR
_gpsbo
801 1 _aRU
_bELAR
_2rusmarc
852 _aNLR
_j66-1/1024
942 _cBOOK
980 _aNB